[Event "Asia Chess Cup"]
[Site "Abu Dhabi"]
[Date "2016.04.01"]
[Round "5.1"]
[White "Bu, Xiangzhi"]
[Black "Adhiban, Baskaran"]
[Result "0-1"]
[WhiteElo "2724"]
[BlackElo "2663"]
[Annotator "Adhiban,B"]
[PlyCount "132"]
[EventDate "2016.03.28"]
[EventType "team-swiss"]
[EventRounds "9"]
[EventCountry "UAE"]
[SourceTitle "CBM 172"]
[Source "ChessBase"]
[SourceDate "2016.05.12"]
[SourceVersion "1"]
[SourceVersionDate "2016.05.12"]
[SourceQuality "1"]
[WhiteTeam "China"]
[BlackTeam "India"]
[WhiteTeamCountry "CHN"]
[BlackTeamCountry "IND"]

1. Nf3 Nf6 2. d4 d5 3. c4 c6 4. Nc3 ({Bu exclusively goes for} 4. Qc2) ({Or} 4.
Qb3) 4... dxc4 5. a4 e6 {A very solid system perfectly suitable for team
events!} 6. e3 c5 7. Bxc4 Nc6 8. O-O Be7 9. Qe2 O-O 10. Rd1 Bd7 $5 {A funny
idea, trying to ignore the pressure on the d-file.} 11. b3 cxd4 12. exd4 (12.
Nxd4 Ne5 $1 (12... Na5 {the knight looked misplaced.} 13. Bb5) 13. Bb5 Qa5 14.
Bd2 Bb4 15. Rac1 Rac8 $11) 12... Bb4 $5 {An interesting resource which has
been made possible by White's last move.} (12... Nb4 {is the normal plan to
gain control of d5 but my opponent's move was specifically aimed against this.}
13. d5 $1 exd5 14. Nxd5 Nbxd5 15. Bxd5 Nxd5 16. Rxd5 {[%cal Gc1b2] and the
bishop will come to b2 with nasty intentions.}) 13. Bb2 Bxc3 14. Bxc3 Nd5 15.
Bd2 Rc8 16. Rac1 Nce7 {I was very happy with my position, about the best I
could hope for from this system.} 17. Ne5 Bc6 18. Bd3 $5 {Aimed against ...Ng6
which was my idea.} Qd6 19. Rc5 $5 Ng6 $1 {After some calculation I felt I had
to go for this.} 20. Rdc1 Nde7 21. Bxg6 hxg6 22. Bb4 Rfd8 $1 {The key point. I
think my opponent underestimated this resource.} (22... Qxd4 23. R5c4 Qd8 24.
Rd1 Qe8 {White seemed to have good compensation.} 25. Rd3 $16) 23. Re1 $6 (23.
Rxc6 Qxb4 24. Rxc8 Rxc8 25. Rxc8+ Nxc8 $15 {with a very nice endgame for Black.
}) (23. Nxc6 Nxc6 24. Rxc6 Rxc6) (23. d5 exd5 $1) 23... Qxd4 {Quite
straightforward, I wonder what my opponent missed.} 24. Ba3 (24. Nxf7 Qxb4 25.
Nxd8 (25. Rc4 Qxe1+ $1 26. Qxe1 Kxf7 27. Rf4+ Nf5 28. g4 g5 29. gxf5 gxf4 $19)
(25. Qxe6 Qxe1+ 26. Qxe1 Kxf7 {with too many pieces for the queen.}) 25... Qxc5
26. Qxe6+ Kh7 27. Nf7 Qd5 $19) 24... Qd2 {Getting rid of the only compensation
White had in the form of some attacking chances.} 25. f3 (25. Qf1 {would be
nicely met by} Bxg2 $1 26. Kxg2 Rxc5 27. Bxc5 Qd5+ $19) 25... Nf5 26. b4 {
I don't have any comments for this move, but I will quote my favourite one
from Chess.com  "Bu Xiangzhi won the gold medal on board one, but lost this
important game as White to Baskaran Adhiban. It's hard to believe that he just
blundered away his d-pawn and then his a-pawn, isn't it"? I will leave the
readers to draw their own conclusions!} Qxe2 27. Rxe2 Bxa4 28. Rd2 g5 {
Mobilising the forces!} 29. Rxd8+ Rxd8 30. Bc1 f6 31. Ng4 Rd4 {[%csl Rb4]} 32.
Ne3 Rxb4 (32... Nxe3 33. Bxe3 Rxb4 34. Rc8+ Kf7 35. Bxa7 Bc6 {is also another
way to play.}) 33. Nxf5 exf5 34. Rxf5 b6 35. Rd5 Rb1 36. Rd8+ Kf7 37. Rc8 Bd7
38. Rc7 Ke6 39. Kf2 Kd6 (39... a5 $5 {was the strongest, wasting no time!} 40.
Rc2 (40. Ba3 b5 41. Bf8 Rb2+ 42. Kf1 b4 $19) 40... b5 $19) 40. Rc2 Ra1 {
Controlling the bishop.} 41. Be3 Be6 42. Ke2 Rb1 {I was trying to prolong the
inevitable rook exchange since I wanted to get a favourable version.} 43. Rd2+
(43. Bc1 b5 {[%cal Gb5b4]}) 43... Bd5 44. Rd1 Rxd1 45. Kxd1 g4 $1 {Due to this
nice trick I am able to get rid of one of my pawns fixed on the dark squares.}
46. Ke2 ({A more resilient try was} 46. fxg4 Bxg2 {though, should also be
winning.}) 46... gxf3+ 47. gxf3 Kc6 48. f4 a5 49. Bd2 Kb5 50. Be3 Bc4+ $1 {
An important intermediate check forcing the white king to go away from its
pawns or my pawns!} 51. Kd1 (51. Kd2 Kc6 $1 {Since Bd2 is not possible, the
black pawns start rolling.}) 51... Kc6 52. Bd2 Kd5 53. Kc2 Ke4 54. Kb2 Kd3 55.
Kc1 Be6 56. Be1 Ke2 57. Bc3 Ke3 58. Bd2+ Kf3 59. Kb2 Kg2 {Winning one more
pawn.} 60. Be3 b5 61. Bb6 a4 62. Bc7 Bf5 63. Kc3 (63. Bd6 Kxh2 64. Bf8 g5)
63... Kxh2 64. Kb4 Bd7 65. Bd6 Kh3 66. Bf8 g5 {With this win and Vidit's win
on Board 3 against Wei Yi and Sasi's draw on Board 4, we were able to give win
the match which eventually became the title match of the event! A victory
shared by my amazing team Sethuraman, Vidit, Sasikiran, Deep Sengupta and our
coach RB. Ramesh after a long hiatus of 7 years!} 0-1

[Event "Paracin Summer op-A 11th"]
[Site "Paracin"]
[Date "2018.07.07"]
[Round "2"]
[White "Atalik, Suat"]
[Black "Kathmale, Sameer"]
[Result "1/2-1/2"]
[WhiteElo "2509"]
[BlackElo "2323"]
[Annotator "Atalik,S"]
[PlyCount "62"]
[EventDate "2018.07.06"]
[EventType "swiss"]
[EventRounds "9"]
[EventCountry "SRB"]
[SourceTitle "CBM 186"]
[Source "ChessBase"]
[SourceDate "2018.09.14"]
[SourceVersion "1"]
[SourceVersionDate "2018.09.14"]
[SourceQuality "1"]

1. d4 Nf6 {Possibly the move order chosen by Sameer} (1... d5 2. c4 c6 3. cxd5
cxd5 4. Bg5 {prevents this new line.}) 2. c4 c6 3. Nc3 d5 4. Nf3 dxc4 5. a4 a5
$5 (5... Na6 6. e4 Bg4 7. Bxc4 e6 8. Be3 Bb4 9. Qd3 Bxf3 10. gxf3 $40) 6. e4
Bg4 7. Bxc4 e6 8. O-O (8. Be3 Bb4 9. Qc2) 8... Bb4 9. Qd3 Bxf3 10. gxf3 Nbd7
11. Kh1 $146 (11. f4) 11... Qe7 {During the game I thought that it was a
mistake but...} (11... e5 12. Be3 Nh5 13. Rg1 Qf6 14. Bg5 Qd6 15. d5) 12. Na2 (
12. Rg1 $142) 12... e5 13. Nxb4 axb4 14. Be3 $2 {White has at least two better
continuations.} (14. Rg1 Nh5 (14... b5 15. Bb3 exd4 16. Rxg7 Nc5 17. Qd1) 15.
d5) (14. f4 Rd8 15. Qf3 exd4 16. e5 Nd5) 14... O-O 15. d5 cxd5 16. Bxd5 Rfd8 $2
({He should have taken on d5 immediately.} 16... Nxd5 17. Qxd5 Rfd8 18. Rg1 Nf8
19. Qc5 Qf6 20. Rg3 Ne6 21. Qxb4 h5 22. Qxb7 h4 23. Rh3 Nd4 24. Bxd4 exd4 25.
Qb5 g6 (25... d3 26. Qh5 d2 27. Rd1 g6 28. Qxh4 Qxh4 29. Rxh4 Rxa4 $44) 26. Qd3
Qf4 $44) (16... Nc5 $6 17. Bxc5 Qxc5 18. Bxb7) 17. Rfd1 $2 ({Missing that} 17.
Bxb7 $1 Nc5 (17... Nf8 18. Bd5 Nxd5 (18... Qd6 19. Rfd1 Ra5 20. Bxf7+) 19. exd5
Qd7 20. a5 (20. Bb6 Qxd5 21. Qxd5 Rxd5 22. Rad1) 20... Qh3 (20... Ne6 21. a6)
21. Qd1 (21. Qe2 Rxd5 22. a6) 21... Ne6 22. Rg1 Nd4 23. Rg3 Qf5 24. Bxd4 Rxd5
25. Qg1 exd4 26. Rxg7+ Kh8 27. Qg3 $16) 18. Bxc5 Qxb7 19. Qb5 Qc8 20. Rg1 Qh3
21. Rg3 Qe6 22. Be3 $1 $16) 17... Nxd5 18. exd5 Nf6 19. d6 Qe6 20. Bg5 e4 $1
$11 (20... Ra6 $6 21. Bxf6 Qxf6 (21... Raxd6 22. Bxd8 Rxd3 23. Rxd3) (21...
Rdxd6 22. Qb5 gxf6 23. Qxb7) 22. d7 $16) 21. Qe3 (21. Qd4 Qh3) 21... Rxd6 22.
Bxf6 Qxf6 23. Rxd6 Qxd6 24. Qxe4 g6 25. Qxb7 (25. Rc1 Kg7) (25. a5 Qc5 26. Qxb7
Rxa5 27. Rxa5 Qxa5 28. b3 $11 {is a safer way to reach the game's conclusion.})
25... Rxa4 (25... Ra5 $142 26. Rc1 Re5 (26... Rh5 27. Qc7) 27. h4 Qd4 28. Kg1
Re2 29. Qc8+ Kg7 30. Qc5 Qxb2 31. Kg2 b3 (31... Rxf2+ 32. Qxf2 Qxc1 33. Qd4+) (
31... h5 32. Rc4) 32. Qc3+ Qxc3 33. Rxc3 b2 34. Rb3 $11) 26. Rxa4 Qd1+ 27. Kg2
Qxa4 28. Qb8+ Kg7 29. Qe5+ Kg8 30. Qb8+ Kg7 31. Qe5+ Kg8 1/2-1/2

[Event "TUR-chT"]
[Site "Konya"]
[Date "2011.06.28"]
[Round "1"]
[White "Citak, Selim"]
[Black "Atalik, Suat"]
[Result "0-1"]
[WhiteElo "2356"]
[BlackElo "2616"]
[Annotator "Atalik,S"]
[PlyCount "132"]
[EventDate "2011.06.28"]
[EventType "team-swiss"]
[EventRounds "13"]
[EventCountry "TUR"]
[SourceTitle "CBM 143 Extra"]
[Source "ChessBase"]
[SourceDate "2011.08.29"]
[SourceVersion "1"]
[SourceVersionDate "2011.08.29"]
[SourceQuality "1"]
[WhiteTeam "BJK"]
[BlackTeam "Isek Aquamatch"]
[WhiteTeamCountry "TUR"]
[BlackTeamCountry "TUR"]

1. d4 d5 2. c4 c6 3. Nf3 Nf6 4. Nc3 dxc4 {Back in Alapin's Slav!} 5. a4 e6 $5 {
Is this a real mistake? Well we all know that Bogoljubow committed this
against the great Alekhine. However there were some new twists around.
Whatever the judgement will be upon this move, Black tries to play a QGA with
White weakening his b4-square too early with a4.} (5... Bf5 6. Ne5 Nbd7 7. Nxc4
Nb6 8. Ne5 a5 {This has become a Chinese line.} 9. e3 $5 (9. Bg5 g6 10. e3 Bg7
11. Bd3 Be6 12. O-O Nfd5 $132) (9. g3 e6 10. Bg2 Bb4 11. O-O O-O 12. e3 h6 13.
Qe2 Bh7 14. Rd1 Nfd7 15. Nd3 (15. Nxd7 Nxd7 16. e4 Qe7 17. Be3 Rfd8 18. d5 (18.
Rac1 Nf6 19. f3 Nd7 20. Na2 Bd6 $13) 18... Bc5 $132) 15... Qe7 16. e4 Rfd8 17.
Bf4 Bd6 18. Be3 Nc4 19. Bc1 e5 20. d5 Ncb6 $13) (9. f3 Nfd7 10. Nxd7 (10. e4
Nxe5 11. dxe5 (11. exf5 Ned7 12. d5 g6 13. dxc6 bxc6 14. Qd4 Rg8 15. Qe4 (15.
fxg6 Rxg6 $1 16. Qf2 Ne5 $36) 15... gxf5 16. Qxf5 Rg6 17. Bg5 Ne5 $1 $132)
11... Qxd1+ 12. Kxd1 Be6 13. Kc2 g6 $5 14. Rb1 Bg7 15. f4 f6 16. exf6 Bxf6 17.
Be3 Nc4 18. Bxc4 Bxc4 19. e5 Bg7 20. b4 Be6 $13) 10... Nxd7 11. e4 Bg6 12. Be2
e6 13. O-O Bb4 14. Be3 O-O 15. Qb3 Qb6 16. Bf2 Bc5 17. Qd1 (17. Qc4 Bd6) 17...
Bd6 $11 18. e5 $140 $2 Qxb2 $132) 9... Nbd7 10. Qb3 Nxe5 11. dxe5 Nd7 12. e4 (
12. Qxb7 Nxe5 13. e4 Rb8 14. Qa7 Be6 15. Bf4 f6 $13) 12... Be6 13. Qxb7 Rb8 14.
Qa7 Nxe5 15. f4 Nd7 16. f5 Bb3 17. Bf4 Ra8 18. Qb7 e5 19. fxe6 Bxe6 20. Rd1 Bc5
21. Bc7 Qc8 22. Qxc6 Ra7 23. Nb5 Bb4+ 24. Kf2 Rb7 25. Rc1 O-O 26. Bd6 Qxc6 27.
Rxc6 Bxd6 28. Rxd6 Nc5 29. Rd4 Bd7 $11 {and Black is fine.}) 6. e3 (6. e4 $142
$1 {This is a scary line for Black these days.} Bb4 7. e5 (7. Bg5 $5 Bxc3+ (
7... h6 8. Bxf6 Qxf6 9. Bxc4 c5 10. e5 Qd8 11. O-O cxd4 12. Ne4 O-O $13) (7...
Qa5 8. Bd2 c5 9. Bxc4 cxd4 10. Nxd4 O-O (10... Qc5 11. Bb5+) 11. Nc2 Qc7 12.
Qe2 Be7 13. e5 Nfd7 14. f4 Nc6 15. O-O $16) 8. bxc3 Qa5 9. e5 Ne4 10. Bd2 Nxd2
11. Qxd2 c5 12. Bxc4 cxd4 13. cxd4 Qxd2+ 14. Kxd2 Ke7 15. Rhc1 Nc6 16. Rab1 Rb8
17. Ke3 Rd8 18. Bd3 Bd7 $132) 7... Nd5 8. Bd2 b5 9. axb5 Bxc3 10. bxc3 cxb5 11.
Ng5 {looks critical for Black to hold.} Nc6 (11... Qe7 $5) (11... h6 12. Qh5
O-O (12... g6 $6 13. Qh3 f5 14. exf6 e5 15. g4 Qxf6 16. Ne4 Qe7 17. dxe5 Qxe5
18. Bg2 $16) 13. Ne4 Nc6 14. h4 f5 15. Nd6 Qd7 16. g4 fxg4 17. Rg1 Nce7 18.
Rxg4 Nf5 19. Bxh6 Bb7 20. Bg2 $40) (11... Bb7 12. Qh5 Qe7 13. Be2 Nd7 14. Bf3 (
14. Bg4 $6 h6 15. Ne4 Nf4) 14... h6 15. Ne4 O-O 16. Nd6 Bc6 17. Ra6 Nb8 18. Ra5
f6 $132) 12. Qh5 Qe7 13. h4 b4 14. Bxc4 bxc3 15. Bc1 Nxd4 16. O-O h6 17. Bxd5
$1 (17. Ba3 Nf4 18. Qg4 hxg5 $3 19. Bxe7 Rxh4 20. Qd1 c2 21. Qd2 Nh3+ 22. Kh2
Nf4+ 23. Kg1 $11) 17... exd5 18. Ba3 Qc7 19. e6 Bxe6 20. Nxe6 Nxe6 21. Qxd5 Rd8
22. Qb3 $44) 6... c5 7. Bxc4 Nc6 8. O-O cxd4 9. exd4 Be7 10. d5 $6 {This seems
to release the pressure way too early but things are not simple.} (10. Qe2 O-O
11. Rd1 Nb4 12. Ne5 Bd7 13. Bg5 (13. d5 exd5 14. Nxd5 Nbxd5 15. Bxd5 Nxd5 16.
Rxd5 Bg4 17. Qc4 Qxd5 18. Qxd5 Rad8 19. Qb3 Rd1+ 20. Qxd1 Bxd1 $15 {is the
famous line.}) 13... Re8 $13 {resulting in a typical isolated queens pawn game.
}) 10... exd5 11. Nxd5 Nxd5 12. Qxd5 Qxd5 (12... Be6 13. Qxd8+ Rxd8 14. Bxe6
fxe6 15. Be3 $14) 13. Bxd5 O-O 14. Bg5 Bxg5 15. Nxg5 Bf5 $146 (15... h6 16. Ne4
Nb4 17. Bb3 Bf5 18. Nd6 Bg6 {was seen before.}) 16. Rac1 Rac8 17. Rfd1 h6 18.
Ne4 Nb4 $5 19. Rxc8 $6 (19. Bxb7 Rxc1 (19... Rb8 $2 20. Rc7 $16) 20. Rxc1 Nd3
21. Rc2 Rb8 22. Nd6 Be6 23. h3 (23. a5 Rd8) 23... a5 $11) 19... Bxc8 (19...
Rxc8 20. Nd6 Rc7 21. Nxf5 Nxd5 $11) 20. Bb3 b6 21. f3 Bf5 22. Nd6 Bg6 23. f4 $5
{Another risky move but it may work.} Rd8 24. f5 Bh5 25. Rd2 Kf8 26. h3 Ke7 (
26... f6 27. Be6 Be8 28. b3 Bc6 29. Rd4 a5 30. Kf2 $11) 27. f6+ $8 {Now things
are getting forced.} Kxf6 28. g4 Bg6 29. Rf2+ Ke7 30. Nxf7 Rd3 31. Re2+ (31.
Ne5 Rxb3 32. Nxg6+ Kd6 33. Rf7 Rxh3 34. Kg2 Rb3 35. Rxa7 Nd5 36. Rxg7 Ne3+ 37.
Kg1 Rxb2 38. Nh4 $11) 31... Kf8 (31... Kf6 $5 {is possible.} 32. Bc4 (32. Re6+
Kxf7) 32... Rd4 33. Rf2+ Ke7 34. Ne5 Be4 35. Be2 Kd6 36. Nc4+ Ke6 37. Rf8 $132)
32. Ne5 Rxb3 33. Nxg6+ Kf7 34. Ne5+ Kf6 35. Kg2 Nd3 $1 $138 (35... Nd5 36. Nd7+
Kf7 37. Ne5+ Kg8 38. Ng6 $132) 36. Nxd3 Rxd3 {I was very happy to get rid of
the knights.} 37. Rc2 (37. Rf2+ Ke6) 37... Rb3 38. a5 $1 bxa5 39. Rc6+ Ke5 40.
Rc5+ Kd4 41. Rxa5 Rxb2+ 42. Kg3 Rb7 43. g5 hxg5 44. Kg4 Kc4 45. Ra1 Kb5 46.
Rb1+ Kc6 47. Rc1+ Kb6 48. Rb1+ Kc7 49. Ra1 Kb8 50. Kxg5 Rb3 51. Kg6 $2 ({
He should not have exchanged the pawns. These positions are always tricky.} 51.
h4 $1 Kb7 52. Kg6 Rg3+ 53. Kf5 a6 54. h5 Kb6 55. Rb1+ Ka7 56. Ra1 Rg2 57. Kf4
$11 {offers Black only practical chances.}) 51... Rg3+ $4 (51... Rxh3 52. Kxg7
Rh5 $19 {would have won like in the game!}) 52. Kf7 Rxh3 53. Kxg7 $4 {He
misses his chance.} (53. Rb1+ $1 Kc7 (53... Ka8 54. Kxg7 Rh5 55. Kg6 Rc5 56.
Kf7 a5 57. Ke6 Ka7 58. Kd6 Rh5 59. Kc6 Ka6 60. Rb8 $11) 54. Ra1 $11 {and Black
can not make any further progress.}) 53... Rh5 $1 $19 {This wins by a tempo.}
54. Kf6 a5 55. Ke6 (55. Re1 a4 $1 (55... Kc7 $2 56. Re5 Rh6+ 57. Kf5 Ra6 58.
Ke4 a4 59. Kd3 $11) 56. Ra1 Rh4 57. Ke5 Kb7 58. Kd5 Kb6 $19) 55... Kc7 56. Rc1+
Kb6 57. Rb1+ Kc5 58. Rc1+ Kb4 59. Rb1+ Kc3 60. Ra1 Kb2 61. Rg1 a4 {Once the
pawn has progressed that is it!} 62. Rg2+ Kb3 63. Rg3+ Kb4 64. Rg4+ Kb5 65. Rg3
Kc5 66. Rf3 Rh6+ $1 (66... Rh6+ $1 67. Ke5 Ra6 $19) 0-1

[Event "Hoogeveen Essent op"]
[Site "Hoogoveen"]
[Date "2005.10.25"]
[Round "5"]
[White "Atalik, Suat"]
[Black "Brodsky, Michail"]
[Result "1/2-1/2"]
[WhiteElo "2620"]
[BlackElo "2564"]
[Annotator "Atalik,S"]
[PlyCount "29"]
[EventDate "2005.10.21"]
[EventType "swiss"]
[EventRounds "9"]
[EventCountry "NED"]
[SourceTitle "EXT 2006"]
[Source "ChessBase"]
[SourceDate "2005.11.24"]
[SourceVersion "1"]
[SourceVersionDate "2005.11.24"]
[SourceQuality "1"]

1. d4 d5 2. c4 c6 3. Nf3 Nf6 4. Nc3 dxc4 5. a4 e6 {Bogoljubow's longtime
forgotten line.Recently this got resurrected in Leko-Kramnik match.} 6. e3 (6.
e4 Bb4 7. e5 Nd5 8. Bd2 b5 9. Be2 $5 Be7 10. Qb1 $1 $44 {is how Alex won
against Riumin's lost grandchild in Aeroflot 2005.}) 6... c5 7. Bxc4 Nc6 8. O-O
cxd4 (8... Be7 9. Qe2 (9. dxc5 $5) 9... cxd4 10. Rd1 O-O 11. exd4 $13) 9. Nxd4
$6 (9. Nb5 $5 {was more interesting then my limp choice.}) (9. exd4 $142 Be7
10. Bg5 O-O 11. Qd2 $5 $13 {leads to a normal isolani game.}) 9... Bd7 10. Bb5
Nxd4 11. Qxd4 a6 $11 12. Bxd7+ Qxd7 {Draw offer.} 13. Qxd7+ Kxd7 (13... Nxd7
14. Ne4) 14. Bd2 $6 (14. Rd1+ Bd6 15. e4 Ke7 16. Be3 $11) 14... Bd6 15. a5 {
After having played this I came with the draw offer.} ({Misha thought that he
might have had the better of it in my opinion it is still close to be equal.} 
15. a5 Rac8 16. Ra4 Rhd8 (16... Rc5 $15) 17. Ne4 Nxe4 18. Rxe4 f5 19. Rh4 h6
20. Bc3 e5 $15) 1/2-1/2

[Event "Maalot Tarshiha"]
[Site "Maalot Tarshiha"]
[Date "2008.01.12"]
[Round "6"]
[White "Avrukh, Boris"]
[Black "Kogan, Artur"]
[Result "1-0"]
[WhiteElo "2628"]
[BlackElo "2591"]
[Annotator "Avrukh,B"]
[PlyCount "87"]
[EventDate "2008.01.07"]
[EventType "tourn"]
[EventRounds "9"]
[EventCountry "ISR"]
[EventCategory "15"]
[SourceTitle "CBM 122"]
[Source "ChessBase"]
[SourceDate "2008.01.30"]
[SourceVersion "1"]
[SourceVersionDate "2008.01.30"]
[SourceQuality "1"]

1. d4 d5 2. c4 c6 3. Nf3 Nf6 4. Nc3 dxc4 5. a4 Na6 6. e4 Bg4 7. Bxc4 Bxf3 8.
gxf3 Nb4 {Already a new move for me. I was only familiar with the following
example:} (8... e6 9. O-O Be7 10. Kh1 O-O 11. Rg1 g6 12. f4 Qa5 13. Qf3 $14 {
1-0 Rogozenko,D-Shirov,A/Germany 2001/CBM 082 ext (46)}) 9. O-O e6 10. Kh1 {
This seems to me the most flexible move here.} (10. a5 {- another popular
alternative, when Black has to castle short, but later on it's much easier for
Black to get his counterplay on the Q-side.}) 10... Qa5 $5 {A relatively new
interpretation of this old line, suddenly Black is going to castle long, which
would lead to very interesting play.} ({White has very promising play after} 
10... Be7 11. Rg1 O-O 12. Bh6 Ne8 13. Qd2 (13. a5) 13... Kh8 14. Be3 a5 15. Rg3
Qd7 16. Rag1 $14 {1-0 Van der Stricht,G-Mohandesi,S/Namur 2006/CBM 113 ext (34)
}) 11. Rg1 $5 $146 (11. Be3 {has been played before.}) 11... h6 {[%csl Gg5]
Anticipating Rg5.} ({Black could have played} 11... O-O-O 12. Be3 {and it
seems to me Black has to play 12...h6 anyway, since} ({It's too early for} 12.
Rg5 c5 $1 (12... Qc7 13. Be3 (13. a5 h6 14. Rg1 e5 15. d5 cxd5 16. Bxd5 Nfxd5
17. exd5 Nxd5 18. Nxd5 Qc6 $13)) 13. d5 (13. Bf4 h6) 13... g6 $13) 12... g6 13.
Rg5 c5 14. Nb5 $1 {looks pretty dangerous} h6 15. Rg1 a6 16. Qb3 $40) 12. Be3
O-O-O 13. Qb3 Kb8 14. Be2 $1 {In my opinion White's best setup. The B is
perfectly placed on e2, defending the f3-pawn in case of Qh5, while my N is
heading to c4 .} Ne8 {This seems to me very slow, I would prefer to play the
more active.} (14... g5 $5 {following by Nh5-f4.}) 15. Rgc1 Rd7 $1 {A very
good defensive resource.} ({After} 15... g5 16. Nb5 {White's attack looks very
unpleasant} Bg7 $140 17. d5 exd5 18. Bc5 $1 Na6 19. Nxa7 $1 $18) 16. Nb5 $1 {
Very energetic and strong.} ({Much worse would have been} 16. Nb1 Bd6 17. Nd2
Qh5 $132) 16... Qd8 ({If Black accepts the sacrifice} 16... cxb5 17. axb5 Qd8 {
I would have a pleasant choice: either} 18. Bf4+ (18. d5 b6) ({or} 18. Qa4 b6
19. Bf4+ Ka8 20. Bd2 Nf6 21. Rc4 Nbd5 22. exd5 Nxd5 23. Rc6 $1 (23. f4 Bd6 24.
Bf3 Qh4 $1 $132) 23... Be7 (23... Bd6 $140 $2 24. Rxd6 $1 $18 {[%csl Ga7]}) 24.
f4 {[%cal Cd8b8,Ge2f3]}) 18... Bd6 (18... Ka8 19. Qc4 $18 {[%cal Gc4c8]}) 19.
Bxd6+ Rxd6 20. Qxb4 Rxd4 21. Qc5 b6 22. Qa3 Rd7 23. e5 $16 {[%csl Gb8,Ge8] in
both cases with a clear advantage.}) (16... Nc7 17. Nxc7 (17. Na3 Qh5 18. Nc4
f6 19. a5 Nba6) 17... Qxc7 (17... Rxc7 18. Rc4 Na6 19. Bf4) 18. a5 $16 {
[%cal Ga1a4]}) 17. Na3 {[%cal Ga3c4]} ({I wasn't sure about} 17. d5 cxb5 (17...
exd5 $6 18. Bxa7+ Ka8 19. Qe3 $1 $40) 18. Bxa7+ Kxa7 19. axb5+ Na6 20. bxa6 b6
{with a complicated game.}) 17... Nc7 $2 {This is already the decisive error.
Black should have stopped a4-a5 at any cost.} (17... a5 $142 18. Nc4 g5 19. Ne5
(19. d5 exd5) 19... Rc7 20. Rc3 $14 {and White is better, but Black is quite
solid.}) 18. a5 $1 $16 {Now White's attack plays itself.} Be7 19. Nc4 {[%cal
Gc4e5]} ({My computer likes} 19. Rc4 $5 Nca6 20. Nc2 $40 {but the move in the
game is pretty strong as well.}) 19... Rxd4 ({After} 19... f6 {White decides
the game with} 20. a6 $1 b6 (20... Ncxa6 21. Na5 Nc7 22. Rc4 Qf8 23. Bd2 $18)
21. Nxb6 $1 axb6 22. Rxc6 Ka8 23. Rc4 {with a winning position.}) 20. Ne5 Rf8
21. a6 $1 $18 {Now White is developing a crushing attack.} b6 22. Qc3 {There
were two more winning continuations:} (22. Rxc6 f6 23. Rxb6+ $1 (23. Bxd4 Qxd4
24. Rxc7 Kxc7 25. Ng6 $18) 23... axb6 24. Nc6+ Nxc6 25. Qxb6+ Kc8 26. Qxc6 {
[%csl Gc8]}) (22. Ra4 c5 23. Bxd4 Qxd4 24. Rxb4 Qxe5 25. Rxb6+ axb6 26. Qxb6+
Kc8 27. Rd1 $18) 22... c5 23. Bxd4 $6 ({The immediate} 23. Ra4 $1 {[%cal Ga4b4]
would have won, threatening 24 Rb4} Kc8 24. Bxd4 Qxd4 25. Nc6 $1 $18) 23...
Qxd4 24. Qxd4 cxd4 25. Rc4 $6 (25. Nd7+ {should objectively be better:} Kc8 26.
Nxf8 Bxf8 27. Rd1 $18) 25... Kc8 26. Rd1 Bc5 27. Rxb4 $1 Bxb4 28. Nc6 Bd6 (
28... Bc5 $2 29. b4 Bd6 30. e5 $18) 29. Rxd4 (29. e5 $2 Bc5 30. b4 Kd7 31. Nxa7
Bxb4 32. Rxd4+ Nd5 33. Bb5+ Kc7 $11) 29... Kd7 (29... Bc5 30. Nxa7+ Kb8 31.
Nc6+ Kc8 32. Rd1 Bxf2 33. Kg2 Be3 34. Rd3 Bf4 35. Ne7+ Kb8 36. Rb3 $18) 30.
Nxa7 e5 31. Rd1 Ra8 32. Nb5 Nxb5 33. Bxb5+ Kc7 34. f4 $1 {This position has
arisen almost by force after my 25th move; despite the opposite coloured
bishops White's position remains winning.} f6 $6 $138 (34... exf4 35. e5 Bxe5
36. Rd7+ Kb8 37. Rb7+ Kc8 38. Rxf7 Kb8 39. Rb7+ Kc8 40. Bd7+ Kd8 41. a7 $18) ({
More stubborn was} 34... Ra7 {but White should be winning after} 35. fxe5 (35.
Rc1+ Kb8 36. Rc6 Bc5 37. fxe5 Re7 (37... Bxf2 38. e6 fxe6 39. Rxe6 $18) 38. f4
Be3 39. f5 Rxe5 40. Bd3 Ra5 41. Bc4 $16) 35... Bxe5 36. b4 Bd6 37. Rd4 Be5 38.
Rd7+ Kb8 39. Rd8+ Kc7 40. Rf8 f6 41. Rg8 g5 42. Re8 Kd6 43. Rc8 $18) 35. fxe5
fxe5 36. f4 $1 $18 exf4 (36... Ra7 37. Rc1+ (37. f5 $5 $18 {[%csl Gg7]}) 37...
Kb8 38. Rc6 Bc5 39. fxe5 $18) 37. e5 Bxe5 38. Rd7+ Kc8 (38... Kb8 39. Rb7+ Kc8
40. Bd7+ Kd8 41. a7 $18) 39. Rf7 Kb8 ({After} 39... Bc7 40. Rxg7 $18 (40. Bd7+
Kb8 41. Bc6 Rxa6 42. Rf8+ Bd8 43. Rxd8+ Kc7 44. Ra8 $18)) 40. Rb7+ Kc8 41. Bd7+
Kd8 42. a7 Bc7 43. Bc6 Rc8 44. Kg2 $138 {And here Black lost on time, although
his position is completely hopeless.} 1-0